| 000 | 00000nam##2200000za#4500 |
| 001 | 9.617976 |
| 003 | CaOODSP |
| 005 | 20211126112848 |
| 007 | ta |
| 008 | 150406|2006||||xxc||||| f|0| 0 eng|d |
| 022 | |a1192-5434 |
| 040 | |aCaOODSP|beng |
| 043 | |an-cn--- |
| 086 | 1 |aFB3-2/106-27E |
| 110 | 2 |aBank of Canada. |
| 245 | 10|aCan affine term structure models help us predict exchange rates? / |cby Antonio Diez de los Rios. |
| 260 | |bBank of Canada |cAugust 2006. |
| 300 | |av, 43p. : |breferences, tables ; |c28 cm. |
| 490 | 1 |aWorking paper|x1192-5434|v2006-27 |
| 520 | 3 |aThis working paper is part of a series that examines a range of economic and financial issues of interest to bankers, economists and policymakers. |
| 546 | |a(Résumé en français). |
| 563 | |aProcessed |
| 590 | |a06-33|b2006-08-18 |
| 690 | 07|aExchange rates|2gcpds |
| 720 | 1 |aDiez de los Rios, Antonio |
| 776 | 0#|tCan affine term structure models help us predict exchange rates? / |w(CaOODSP)9.560982 |
| 830 | #0|aWorking paper,|x1192-5434|v2006-27|w(CaOODSP)9.514622 |